000 01057cam a22002411 4500
001 ne 68002950
003 DLC
005 20260227111845.0
008 820120s1966 le 000 0 ara
010 _ane 68002950
025 _aPL480:UAR-8333
035 _a(OCoLC)8078066
040 _aDLC
_cTU
_dTU
_dDLC
050 0 0 _aBP135
_b.H33 1966
100 1 _aḤākim al-Nīsābūrī, Muḥammad ibn ʻAbd Allāh,
_d933-1014.
245 1 0 _aKitāb Maʻrifat ʻulūm al-Ḥadīth,
_ctaṣnīf al-Ḥākim Abī ʻAbd Allāh Muḥammad ibn ʻAbd Allāh al-Ḥafẓ al-Nīsābūrī. Iʻtanā bi-nashrih wa-taṣḥīḥih wa-al-taʻlīq ʻalayh maʻ tarjamat al-muṣannif al-Sayyid Muʻaẓẓam Ḥusayn.
260 _aBayrūt,
_bal-Maktabah al-Tijārīyah lil-Ṭibāʻah wa al-Nashr
_c[1966]
300 _a29, 266 p.
_c24 cm.
500 _aCover title: Kitāb maʻrifatt ʻulūm al-hādith, composed by Abi Abdilʼlāh al-Nisābūri.
650 0 _aHadith.
700 2 _aMuʻaẓẓam Ḥusayn, al-Sayyid,
_eed.
740 0 _aMaʻrifat ʻulūm al-Ḥadīth.
999 _c50632
_d50632